000 00645nam a2200241Ia 4500
003 OSt
005 20221005054454.0
006 a|||||r|||| 00| 0
007 ta
008 221004b |||||||| |||| 00| 0 eng d
024 _a67081
037 _cTextual
040 _aCRL
_cCRL
_beng
041 _2eng
_aeng
082 _aV3:594wM87, M5
100 _aHowarth T. E. B.
245 0 _aMonty at close quarters
_b Recollections of the man
260 _aLondon
_bLeocooper 1985
_c1985
300 _a179p.
_ccm.
650 _aHISTORY
942 _hV3:594wM87, M5
_cTEXL
_2cc
999 _c963517
_d963517